000 00203 a2200097 4500
001 16804
100 _aYourke, Margaret
245 _aCost of silence
260 _a
_bArrow books
_c
090 _c12669
_d12669
942 _aNUST-CAE
_c
_c2968
999 _c251877
_d251877